| 000 | 01081nab a2200217 i 4500 | ||
|---|---|---|---|
| 001 | 768714001 | ||
| 003 | CO-MdFUSB | ||
| 005 | 20240508111921.0 | ||
| 008 | 240508t1967 sp ||||| |||| 00| 0 spa d | ||
| 040 |
_bspa _cCO-MdFUSB _dCO-MdFUSB |
||
| 041 | _aspa | ||
| 100 |
_aRigaux, Béda, _eautor |
||
| 245 |
_aSan Pedro y la exégesis contemporánea _c/ Béda Rigaux |
||
| 520 | _aLa persona, la historia y el primado de Pedro son temas importantes y discutidos en la exégesis contemporánea. El texto de Mt 16,18-19 constituye el epicentro de las discusiones y las divergencias. Esta es una selección de obras y artículos, donde se extrae de ellos las posiciones principales del pensamiento exegético contemporáneo. | ||
| 650 | 0 |
_aHistoria de la Iglesia _9153 |
|
| 650 | 7 |
_aTeología natural _97182 |
|
| 653 | _aSan Pedro | ||
| 773 | 0 |
_049450 _982587 _oR2517 _tRevista internacional de teología Concilium _w(CO-MdFUSB)8 _x0210-1041 _gNúmero 27, (julio - agosto, 1965), páginas: 149 - 177 _qpágina: 149 |
|
| 942 | _cANA | ||
| 945 | _aCatherine Arias Alvarez - Practicante SENA | ||
| 999 |
_c69592 _d69592 |
||